Management development and training handbook
Salvato in:
| Altri autori: | , |
|---|---|
| Natura: | Libro |
| Lingua: | inglese |
| Pubblicazione: |
London
MacGraw-Hill
1975
|
| Tags: |
Nessun Tag, puoi essere il primo ad aggiungerne!!
|
MARC
| LEADER | 00000nam a2200000 4500 | ||
|---|---|---|---|
| 001 | c111359 | ||
| 005 | 20230111130947.5 | ||
| 041 | 0 | |a eng | |
| 044 | |a GB | ||
| 245 | 1 | 0 | |a Management development and training handbook |c Ed. by Bernard Taylor and Gordon L. Lippitt |
| 264 | 1 | |a London |b MacGraw-Hill |c 1975 | |
| 300 | |a 650 s. | ||
| 700 | 1 | |a Taylor, Bernard | |
| 700 | 1 | |a Lippitt, Gordon L. | |